A study of certain aspects of the nutritional status among Malay toddlers in Kampung Gangsa, Durian Tunggal, Malacca, 1987 /
Saved in:
| 主要作者: | |
|---|---|
| 格式: | Thesis 图书 |
| 语言: | English |
| 出版: |
1988.
|
| 主题: | |
| 标签: |
添加标签
没有标签, 成为第一个标记此记录!
|
| LEADER | 00962cam a2200265 a 4500 | ||
|---|---|---|---|
| 001 | u84902 | ||
| 003 | SIRSI | ||
| 008 | 891116s1988 my t 00 eng | ||
| 015 | |a X890082017 | ||
| 035 | |a AAJ-2299 | ||
| 040 | |a UMP | ||
| 043 | |a a-my-me | ||
| 096 | |a WS115 |b Yahhb 1988 | ||
| 100 | 0 | 0 | |a Yahya Haji Baba. |
| 245 | 1 | 2 | |a A study of certain aspects of the nutritional status among Malay toddlers in Kampung Gangsa, Durian Tunggal, Malacca, 1987 / |c Hj. Yahya bin Hj. Baba. |
| 260 | |c 1988. | ||
| 300 | |a xiv, 125 leaves : |b ill. ; |c 29 cm. | ||
| 502 | |a Dissertation (M.P.H.) - Jabatan Perubatan Kemasyarakatan & Pencegahan, Fakulti Perubatan, Universiti Malaya, 1988. | ||
| 504 | |a Bibliography: leaves 99-105. | ||
| 650 | 2 | |a Nutritional Status |z Malaysia. | |
| 650 | 2 | |a Child Nutrition. | |
| 650 | 2 | |a Rural Health |z Malaysia | |
| 948 | |a 17/03/1991 |b 31/12/1998 | ||
| 596 | |a 2 | ||
| 999 | |a WS115 YAHHB 1988 |w LC |c 1 |i A502458362 |l STACKS |m P02MEDKL |r Y |s Y |t TESIS |u 7/10/1995 | ||
